000 00685nam a2200241Ia 4500
003 OSt
005 20221005132727.0
006 a|||||r|||| 00| 0
007 ta
008 221004b |||||||| |||| 00| 0 urd d
020 _c80
024 _a122803
037 _b5543/6, 18/03/2009, Modern Publishing House
_cTextual
040 _aCRL
_cCRL
_burd
041 _2urd
_aurd
082 _aO168,6:g, P8
100 _aSumbul Nighar
_9641532
245 0 _aUrdu nasr ka tanqeedi mutala
260 _c2008
650 _aURDU PROSE
_926866
942 _hO168,6:g, P8
_cTEXL
_2cc
999 _c1064613
_d1064613